000 00808nam a2200217Ia 4500
003 OSt
005 20200708183603.0
008 191128s1954 eu ad fr 000 0 eng d
040 _aCO-JMCR
_cCO-JMCR
041 0 _aeng
082 0 4 _a336.73 /
_bG884f
_223
100 1 _aGroves, Harold Martin,
_eautor
_96898
245 1 0 _aFinancing government /
_cHarold M. Groves
250 _aSexta edición
260 _aNew York :
_bHenry Holt,
_c1954
300 _a618 Páginas :
_bgráficos a blanco y negro ;
_c24 cm.
505 0 _aNature and Setting of public finance -- Distribution of governmental Burdens --The general propetry tax-nature and criticism -- The general property tax-administration
650 1 4 _aFinanzas
_zEstados Unidos
_96899
650 1 4 _aImpuestos
_zEstados Unidos
_96900
942 _2ddc
_cBK
999 _c3695
_d3695